00838cam a2200241 45000010008000000030009000080050017000170080041000340100017000750200015000920400028001070500024001350820017001591000025001762450105002012600056003063000026003623500011003884900045003995040041004446000029004858300082005144582930BDDh-ASL20231015025916.0730517s1973 cau b 001 0 eng  a 75170722  a0520021045 aDLCcDLCdDLCdBDDh-ASL00aB5234.M36bW34 197300a181.11bWAH 1 aWakeman, Frederic E.10aHistory and will :bphilosophical perspectives of Mao Tse-tung's thoughtc[by] Frederic Wakeman, Jr. aBerkeley:bUniversity of California Press, c1973.  axvi, 392 p. :c24 cm. a$12.751 aCenter for Chinese Studies. Publications aIncludes bibliographical references.10aMao, Zedong,d1893-1976. 0aPublications (University of California, Berkeley. Center for Chinese Studies)